| Tag |
First Indicator |
Second Indicator |
Subfields |
| LEADER |
00000cam a22000001i 4500 |
| 001 |
in00001786613 |
| 005 |
20151025134656.0 |
| 008 |
800201s1978 ru 000 0 rusr |
| 010 |
|
|
|a 79412111
|
| 035 |
|
|
|a (OCoLC)ocm05938101
|
| 040 |
|
|
|a DLC
|c OSU
|d DLC
|d TXA
|d UtOrBLW
|
| 049 |
|
|
|a TXAM
|
| 050 |
0 |
0 |
|a PG3485.6.D56
|b G5
|
| 090 |
|
|
|a PG3485.6.D56
|b G5 1978
|
| 100 |
1 |
|
|a Rodionov, Stanislav,
|d 1931-
|
| 245 |
1 |
0 |
|a Glubokie motivy :
|b [povesti] /
|c Stanislav Rodionov.
|
| 264 |
|
1 |
|a Leningrad :
|b Lenizdat,
|c 1978.
|
| 300 |
|
|
|a 540 pages :
|b illustrations ;
|c 21 cm.
|
| 336 |
|
|
|a text
|b txt
|2 rdacontent
|
| 337 |
|
|
|a unmediated
|b n
|2 rdamedia
|
| 338 |
|
|
|a volume
|b nc
|2 rdacarrier
|
| 500 |
|
|
|a In Cyrillic characters.
|
| 505 |
0 |
|
|a Shestai︠a︡ zhenshchina.--Affekt.--Ne ot mira sego.--Bytʹ mozhet.--Kriminalʹnyĭ talant.--Neudavshiĭsi︠a︡ ėksperiment.
|
| 948 |
|
|
|a cataloged
|b h
|c 2003/12/3
|d c
|e tchubaryan
|f 10:26:22 am
|
| 994 |
|
|
|a E0
|b TXA
|
| 999 |
|
|
|a MARS
|
| 999 |
f |
f |
|s b9f80cd5-ce1d-3ddc-9faf-599dd379f98f
|i 7c7f25ee-75bb-3ccf-932d-8db3560d568c
|t 0
|
| 952 |
f |
f |
|p ric
|a Texas A&M University
|b Rellis Campus
|c Joint Library Facility
|d Remote Storage
|t 0
|e PG3485.6.D56 G5 1978
|h Library of Congress classification
|i unmediated -- volume
|m A14830782980
|
| 998 |
f |
f |
|a PG3485.6.D56 G5 1978
|t 0
|l Remote Storage
|